000
00312nam a2200145Ia 4500
003
OSt
005
20240329110057.0
008
170524s9999 xx 000 0 und d
020
_a
9780074639481
040
_c
IIMTU MEERUT
100
_a
Tulsian P C
245
0
_a
Business L aw
260
_a
TMH
942
_2
ddc
_c
02
999
_c
3260
_d
3260